Teaching early years mathematics, science and ICT : (Record no. 191862)

MARC details
000 -LEADER
fixed length control field 03427cam a2200649 i 4500
001 - CONTROL NUMBER
control field on1182799970
003 - CONTROL NUMBER IDENTIFIER
control field OCoLC
005 - DATE AND TIME OF LATEST TRANSACTION
control field 20241119124826.0
006 - FIXED-LENGTH DATA ELEMENTS--ADDITIONAL MATERIAL CHARACTERISTICS
fixed length control field m d
007 - PHYSICAL DESCRIPTION FIXED FIELD--GENERAL INFORMATION
fixed length control field cr cnu|||unuuu
008 - FIXED-LENGTH DATA ELEMENTS--GENERAL INFORMATION
fixed length control field 200807s2020 enka ob 001 0 eng d
040 ## - CATALOGING SOURCE
Original cataloging agency TYFRS
Language of cataloging eng
Description conventions rda
-- pn
Transcribing agency TYFRS
Modifying agency TYFRS
-- OCLCF
-- UKMGB
-- K6U
-- OCLCO
-- INU
-- OCLCO
-- OCLCQ
-- ZCU
-- OCLCQ
-- OCLCO
-- OCLCL
-- N
--
015 ## - NATIONAL BIBLIOGRAPHY NUMBER
National bibliography number GBC094501
Source bnb
016 7# - NATIONAL BIBLIOGRAPHIC AGENCY CONTROL NUMBER
Record control number 019859665
Source Uk
020 ## - INTERNATIONAL STANDARD BOOK NUMBER
International Standard Book Number 9781003117711
Qualifying information (electronic bk.)
020 ## - INTERNATIONAL STANDARD BOOK NUMBER
International Standard Book Number 1003117716
Qualifying information (electronic bk.)
020 ## - INTERNATIONAL STANDARD BOOK NUMBER
International Standard Book Number 9781000255225
Qualifying information (electronic bk. ;
-- Mobipocket)
020 ## - INTERNATIONAL STANDARD BOOK NUMBER
International Standard Book Number 1000255220
Qualifying information (electronic bk. ;
-- Mobipocket)
020 ## - INTERNATIONAL STANDARD BOOK NUMBER
International Standard Book Number 9781000247664
Qualifying information (electronic bk. ;
-- EPUB)
020 ## - INTERNATIONAL STANDARD BOOK NUMBER
International Standard Book Number 100024766X
Qualifying information (electronic bk. ;
-- EPUB)
020 ## - INTERNATIONAL STANDARD BOOK NUMBER
International Standard Book Number 9781000251517
Qualifying information (electronic bk. ;
-- PDF)
020 ## - INTERNATIONAL STANDARD BOOK NUMBER
International Standard Book Number 1000251519
Qualifying information (electronic bk. ;
-- PDF)
020 ## - INTERNATIONAL STANDARD BOOK NUMBER
Canceled/invalid ISBN 9781743314418
024 7# - OTHER STANDARD IDENTIFIER
Standard number or code 10.4324/9781003117711
Source of number or code doi
035 ## - SYSTEM CONTROL NUMBER
System control number 2489867
-- (N
-- )
035 ## - SYSTEM CONTROL NUMBER
System control number (OCoLC)1182799970
037 ## - SOURCE OF ACQUISITION
Stock number 9781003117711
Source of stock number/acquisition Taylor & Francis
043 ## - GEOGRAPHIC AREA CODE
Geographic area code u-at---
082 04 - DEWEY DECIMAL CLASSIFICATION NUMBER
Classification number 372.35044
Edition number 23
049 ## - LOCAL HOLDINGS (OCLC)
Holding library MAIN
100 1# - MAIN ENTRY--PERSONAL NAME
Personal name Hilton, Geoff
Fuller form of name (Geoffrey J.),
Relator term author.
245 10 - TITLE STATEMENT
Title Teaching early years mathematics, science and ICT :
Remainder of title core concepts and practice for the first three years of schooling /
Statement of responsibility, etc. Geoff Hilton, Annette Hilton, Shelley Dole, Chris Campbell.
264 #1 - PRODUCTION, PUBLICATION, DISTRIBUTION, MANUFACTURE, AND COPYRIGHT NOTICE
Place of production, publication, distribution, manufacture London :
Name of producer, publisher, distributor, manufacturer Routledge, Taylor & Francis Group,
Date of production, publication, distribution, manufacture, or copyright notice 2020.
300 ## - PHYSICAL DESCRIPTION
Extent 1 online resource (240 pages) :
Other physical details illustrations
336 ## - CONTENT TYPE
Content type term text
Source rdacontent
337 ## - MEDIA TYPE
Media type term computer
Source rdamedia
338 ## - CARRIER TYPE
Carrier type term online resource
Source rdacarrier
588 0# - SOURCE OF DESCRIPTION NOTE
Source of description note Online resource; title from PDF title page (Taylor & Francis, viewed August 12, 2020).
500 ## - GENERAL NOTE
General note "First published 2014 by Allen & Unwin."
504 ## - BIBLIOGRAPHY, ETC. NOTE
Bibliography, etc. note Includes bibliographical references and index.
545 0# - BIOGRAPHICAL OR HISTORICAL DATA
Biographical or historical data ANNETTE HILTON is Associate Professor in Science Education at Aarhus University in Copenhagen, Denmark. GEOFF HILTON is a Postdoctoral Fellow, SHELLEY DOLE is Associate Professor and CHRIS CAMPBELL is a Lecturer, all at the School of Education, The University of Queensland. They all have extensive classroom and research experience.
650 #0 - SUBJECT ADDED ENTRY--TOPICAL TERM
Topical term or geographic name entry element Science
General subdivision Study and teaching (Primary)
Geographic subdivision Australia.
650 #0 - SUBJECT ADDED ENTRY--TOPICAL TERM
Topical term or geographic name entry element Technology
General subdivision Study and teaching (Primary)
Geographic subdivision Australia.
650 #0 - SUBJECT ADDED ENTRY--TOPICAL TERM
Topical term or geographic name entry element Information technology
General subdivision Study and teaching (Primary)
Geographic subdivision Australia.
650 #0 - SUBJECT ADDED ENTRY--TOPICAL TERM
Topical term or geographic name entry element Educational technology
Geographic subdivision Australia.
650 #0 - SUBJECT ADDED ENTRY--TOPICAL TERM
Topical term or geographic name entry element Mathematics
General subdivision Study and teaching (Primary)
Geographic subdivision Australia.
650 #0 - SUBJECT ADDED ENTRY--TOPICAL TERM
Topical term or geographic name entry element Telecommunication
General subdivision Study and teaching (Primary)
Geographic subdivision Australia.
650 #0 - SUBJECT ADDED ENTRY--TOPICAL TERM
Topical term or geographic name entry element Computer networks
General subdivision Study and teaching (Primary)
Geographic subdivision Australia.
650 #0 - SUBJECT ADDED ENTRY--TOPICAL TERM
Topical term or geographic name entry element Computer-assisted instruction
Geographic subdivision Australia.
650 #0 - SUBJECT ADDED ENTRY--TOPICAL TERM
Topical term or geographic name entry element Mathematics
General subdivision Study and teaching (Early childhood)
Geographic subdivision Australia.
650 #0 - SUBJECT ADDED ENTRY--TOPICAL TERM
Topical term or geographic name entry element Science
General subdivision Study and teaching (Early childhood)
Geographic subdivision Australia.
700 1# - ADDED ENTRY--PERSONAL NAME
Personal name Hilton, Annette,
Relator term author.
700 1# - ADDED ENTRY--PERSONAL NAME
Personal name Dole, Shelley,
Relator term author.
700 1# - ADDED ENTRY--PERSONAL NAME
Personal name Campbell, Chris,
Relator term author.
758 ## - RESOURCE IDENTIFIER
Relationship information has work:
Label Teaching early years mathematics, science and ICT (Text)
Real World Object URI https://id.oclc.org/worldcat/entity/E39PCG4QQh7wqHWMkpPcttPvVy
Relationship https://id.oclc.org/worldcat/ontology/hasWork
856 40 - ELECTRONIC LOCATION AND ACCESS
Uniform Resource Identifier https://ezproxy.taylors.edu.my/login?url=https://search.ebscohost.com/login.aspx?direct=true&scope=site&db=nlebk&db=nlabk&AN=2489867
Public note An electronic book accessible through the World Wide Web; click to view
Holdings
Withdrawn status Lost status Source of classification or shelving scheme Damaged status Not for loan Home library Current library Date acquired Source of acquisition Cost, normal purchase price Total Checkouts Date last seen Cost, replacement price Price effective from Koha item type Public note
    Dewey Decimal Classification   e-book Taylor's Library-TU Taylor's Library - Perpetual(TU) 21/11/2024 125 920.00   21/11/2024 920.00 21/11/2024 Main Collection SoEDx,91606,03,RA,PPT